Veronica Mars Quiz - Statistics

General Stats
  • This quiz has been taken 222 times
  • The average score is 8 of 15
Answer Stats
Question Answer % Correct
Where does Veronica live? Neptune
83%
Who killed Lilly Kane? Aaron Echolls
77%
With whom was Madison Sinclair switched at birth? Cindy "Mac" Mackenzie
69%
What is the name of Veronica's dog? Backup
65%
What is the wealthy people of Neptune's zip code? 90909
64%
Who fled to Australia? Duncan Kane
62%
What is Duncan's baby's name? Lilly
59%
Who is the town sheriff? Sheriff Lamb
58%
What is "Beaver"'s real name? Cassidy Casablancas
55%
What is "Weevil"'s real name? Eli Navarro
48%
What college does Veronica go to? Hearst College
42%
Who sang the Veronica Mars theme song? The Dandy Warhols
32%
Who is the head of Kane Security? Clarence Wiedman
31%
What does "PCH" stand for? Pacific Coast Highway
31%
Who is Priscilla Banks known as? Kendall Casablancas
24%
No matching quizzes found
Score Distribution
Percent of People with Each Score
Percentile by Number Answered
Your Score History
You have not taken this quiz